LIBRARY & INFORMATION CENTRE, KCAET, TAVANUR

ONLINE PUBLIC ACCESS CATALOGUE (OPAC)

Training Course Manual on Improved Farm Machinery Under Front Line Demonstration (Record no. 19444)

MARC details
000 -LEADER
fixed length control field 00437nam a22001337a 4500
003 - CONTROL NUMBER IDENTIFIER
control field OSt
008 - FIXED-LENGTH DATA ELEMENTS--GENERAL INFORMATION
fixed length control field 250222b |||||||| |||| 00| 0 eng d
041 ## - LANGUAGE CODE
Language code of text/sound track or separate title eng
082 ## - DEWEY DECIMAL CLASSIFICATION NUMBER
Classification number 028.726313
Item number ICA/TR
100 ## - MAIN ENTRY--AUTHOR NAME
Personal name ICAR
245 ## - TITLE STATEMENT
Title Training Course Manual on Improved Farm Machinery Under Front Line Demonstration
260 ## - PUBLICATION, DISTRIBUTION, ETC. (IMPRINT)
Place of publication Bhopal:
Name of publisher Agro Industrial Extension Division, Central Institute of Agricultural Engineering,
Year of publication 1998.
942 ## - ADDED ENTRY ELEMENTS (KOHA)
Koha item type Books
Holdings
Withdrawn status Lost status Damaged status Home library Current library Date acquired Cost, normal purchase price Full call number Accession Number Koha item type
      KAUAET KAUAET 22/02/2025 1000.00 028.726313 ICA/TR 19827 Books
free website counter